000 00594nam a2200181 i 4500
001 104442
003 ES-MaACL
005 20230906183614.0
007 t|
008 051130s1973 ve ||||1| spa d
100 1 _aMillares Carlo, Agustín,
_d1893-1980
_981176
245 1 0 _aTécnica de la investigación bibliográfica /
_cAgustín Millares Carlo.
260 _aCaracas :
_bUniversidad Católica Andrés Bello,
_c1973.
300 _a84 p., 6 h. ;
_c23 cm.
710 2 _aUniversidad Católica Andrés Bello.
_97078
852 _aES-MaACL
_jE-6276
_bR.90503
999 _c104442
_d104442